|
|
|
|
| LEADER |
00000nam0a2200000 4500 |
| 001 |
9881 |
| 005 |
20231030182647.0 |
| 010 |
|
|
|a 5873070245
|
| 035 |
|
|
|a (RuTPU)RU\TPU\book\9936
|
| 035 |
|
|
|a BOOK00009999
|
| 090 |
|
|
|a 9881
|
| 100 |
|
|
|a 20011209d1997 m y0rusy50 ca
|
| 101 |
0 |
|
|a rus
|
| 102 |
|
|
|a RU
|
| 105 |
|
|
|a y z 001zy
|
| 200 |
1 |
|
|a Духовный бисер
|e Крупицы духовной мудрости из духовных источников собираемые
|
| 210 |
|
|
|a Томск
|d 1997
|
| 215 |
|
|
|a 76 с.
|
| 610 |
1 |
|
|a христианство
|
| 610 |
1 |
|
|a афоризмы
|
| 610 |
1 |
|
|a изречения
|
| 610 |
1 |
|
|a цитаты
|
| 686 |
|
|
|a Я438
|v LBC/SL-A
|2 rubbk
|
| 686 |
|
|
|a Э37
|v LBC/SL-A
|2 rubbk
|
| 801 |
|
0 |
|a RU
|b 63413507
|c 20011209
|g PSBO
|
| 801 |
|
2 |
|a RU
|b 63413507
|c 20071013
|g PSBO
|
| 942 |
|
|
|c BK
|